| 000 | 01345nam a2200325 c 4500 | ||
|---|---|---|---|
| 003 | BLK | ||
| 005 | 20231228162022.0 | ||
| 008 | 180411b bul|||||r ||||||| ||bul|| | ||
| 010 | _aKNG00195132000 | ||
| 040 | _aBLK | ||
| 041 |
_aBUL _cBUL |
||
| 080 |
_aНемска литература _b821.112.2 _x-6 _z821.112.2-6 |
||
| 100 |
_aМан, Томас _9254474 |
||
| 700 | 1 |
_aНиколова-Гълъбова, Жана _eс предг. от _9369457 |
|
| 700 | 1 |
_aИлинова, Донка _eпрев. от нем. на том _9368400 |
|
| 700 | 1 |
_aКонстантинов, Венцеслав _eсъстав. на том _9367608 |
|
| 139 |
_aМан, Томас _bМ 25 |
||
| 245 | 1 | 0 |
_aПисма _bТ. 1 - _cТомас Ман; с предг. от Жана Николова-Гълъбова; прев. от нем. на том Донка Илинова; състав. на том Венцеслав Константинов. _nТ. 2 |
| 257 | _aDEU | ||
| 260 |
_аВарна _bГеорги Бакалов _c1988 |
||
| 300 | _c21 см | ||
| 380 | _aX | ||
| 760 | 1 |
_aМан, Томас _d1989 _h345 с. _tТ. 2 |
|
| 852 | _aЦб 152705 | ||
| 856 | 4 |
_qpdf _u |
|
| 856 | 4 |
_qpdf _u |
|
| 942 |
_cKNG _n0 |
||
| 944 |
_aCR _c03.11.2016 _k30560 _lГеновева Генчева |
||
| 944 |
_aED _c03.11.2016 _kСтанимира_Цанева |
||
| 999 |
_c186138 _d186138 |
||